000 00220nam a2200097Ia 4500
008 230915s9999 xx 000 0 und d
050 _aLB 1564.K4S55
100 _aSHIUNDU ,JOHN S.
245 0 _aCURRICULUM
942 _cBK
999 _c168196
_d168196